[Event "Haarlem AKN op"]
[Site "Haarlem"]
[Date "1998.??.??"]
[Round "3"]
[White "Lalic, Susan"]
[Black "Horvath, Csaba"]
[Result "0-1"]
[WhiteElo "2370"]
[BlackElo "2535"]

1.e4 g6 2.d4 Bg7 3.Nc3 d6 4.Nf3 Nf6 5.Bf4 O-O 6.Qd2 c5 7.dxc5 dxc5 8.O-O-O Qxd2+
9.Bxd2 Nc6 10.Bb5 Nd4 11.Nxd4 cxd4 12.Nd5 Nxd5 13.exd5 Rd8 14.Bc4 Bf5 15.Bg5 Rac8
16.Bb3 Rxd5 17.Bxe7 Rd7 18.Bg5 Bxc2 19.Bxc2 Rdc7 20.Rd2 d3 21.Re1 h6  0-1

[Event "Capablanca mem Masters I"]
[Site "Havana"]
[Date "1998.??.??"]
[Round "6"]
[White "Cabrera, Alexis"]
[Black "Lipnowski, Irvin"]
[Result "0-1"]
[WhiteElo "2415"]
[BlackElo "2335"]

1.e4 g6 2.d4 Bg7 3.Nc3 d6 4.Bg5 Nc6 5.Nge2 h6 6.Bh4 Nf6 7.d5 Ne5 8.f4 Nc4
9.Qd3 Nxb2 10.Qb5+ c6 11.Qxb2 Nxe4 12.Qa3 Qb6 13.Nxe4 Bxa1 14.Nxd6+ exd6
15.Qxd6 g5 16.fxg5 Qa5+ 17.c3 Bxc3+ 18.Kf2 Qb4 19.Qg3 Be1+  0-1

[Event "Capablanca mem Masters II"]
[Site "Havana"]
[Date "1998.??.??"]
[Round "12"]
[White "Pina, Sulennis"]
[Black "Araque, Rafael"]
[Result "1/2-1/2"]
[WhiteElo "2185"]
[BlackElo "2345"]

1.e4 g6 2.d4 Bg7 3.Nc3 d6 4.f4 Nf6 5.Nf3 O-O 6.Bd3 Nc6 7.O-O e5 8.dxe5 dxe5
9.f5 Nb4 10.fxg6 hxg6 11.Bg5 Nxd3 12.cxd3 Qd6 13.Qe2 Nh7 14.Bh4 Be6 15.Kh1 c5
16.Rad1 a6 17.Bg3 b5 18.b3 b4 19.Na4 Bg4 20.Qe3 Bxf3 21.Rxf3 Rac8 22.Rdf1 Nf6  1/2-1/2

[Event "Helsinki op3"]
[Site "Helsinki"]
[Date "1998.??.??"]
[Round "2"]
[White "Keskisarja, Teemu"]
[Black "Nouro, Mikael"]
[Result "1/2-1/2"]
[WhiteElo "2290"]
[BlackElo "2320"]

1.e4 g6 2.d4 Bg7 3.Nc3 d6 4.Nf3 Nf6 5.Bf4 O-O 6.Qd2 Nc6 7.O-O-O Bg4 8.d5 Ne5
9.Be2 Bxf3 10.gxf3 c6 11.Bh6 cxd5 12.Nxd5 Nxd5 13.exd5 Qb6 14.Bxg7 Kxg7 15.h4 Qxf2
16.h5 f5 17.Rdf1 Qc5 18.f4 Nd7 19.Rfg1 Rf6 20.Bf3 Nb6 21.hxg6 hxg6 22.Re1 Qc7
23.Qh2 Rg8 24.Re6 Kf7 25.Qe2 Kf8 26.Rh7 Rf7 27.Qh2 Qc4 28.Rxf7+ Kxf7 29.Qh7+ Rg7
30.Rxe7+ Kxe7 31.Qxg7+ Kd8 32.Qf6+ Kc7 33.Qe7+ Nd7 34.Qe3 Qxa2 35.Qc3+ Kd8
36.Qh8+ Kc7 37.Qc3+ Kb6 38.Qb4+ Kc7  1/2-1/2

[Event "Helsinki op4"]
[Site "Helsinki"]
[Date "1998.??.??"]
[Round "2"]
[White "Parkkinen, Jyrki"]
[Black "Koskinen, Henri"]
[Result "0-1"]
[WhiteElo "2155"]
[BlackElo "2310"]

1.d4 d6 2.e4 g6 3.Nc3 Bg7 4.Be2 a6 5.Nf3 b5 6.O-O Bb7 7.a3 Nf6 8.e5 Nd5 9.Nxd5 Bxd5
10.Re1 O-O 11.Bf4 Nd7 12.Qd2 Nb6 13.Bh6 Nc4 14.Qc1 Rc8 15.b3 Nb6 16.Bxg7 Kxg7
17.c4 bxc4 18.bxc4 Bb7 19.c5 Nd5 20.c6 Ba8 21.Bxa6 Rb8 22.a4 e6 23.Bb5 Ne7
24.exd6 Qxd6 25.Qc3 Nd5 26.Qc5 Qxc5 27.dxc5 Nc3 28.Ne5 Nxb5 29.Nd7 Nd4 30.Rad1 Nxc6
31.Nxf8 Kxf8 32.Rd7 Rc8 33.Red1 Ke8 34.f4 Ne7 35.R7d4 Bc6 36.a5 Ra8 37.a6 Nf5
38.Rb4 Rxa6 39.Rb8+ Ke7 40.Rc8 Ra7  0-1

[Event "Helsinki op2"]
[Site "Helsinki"]
[Date "1998.??.??"]
[Round "4"]
[White "Sorri, Kari Juhani"]
[Black "Norri, Joose"]
[Result "1-0"]
[WhiteElo "2290"]
[BlackElo "2405"]

1.e4 g6 2.d4 Bg7 3.Nc3 d6 4.Bc4 c6 5.Be3 b5 6.Bb3 a5 7.a3 Ba6 8.Qd2 e6 9.Nge2 d5
10.O-O Ne7 11.f3 O-O 12.Nd1 Nd7 13.Nf2 Rc8 14.c3 c5 15.Rfe1 dxe4 16.fxe4 cxd4
17.cxd4 Nc6 18.e5 Bb7 19.Ng4 h5 20.Bg5 Qb6 21.Nf6+ Nxf6 22.exf6 Bh8 23.Kh1 Rcd8
24.Rad1 Rd6 25.Qe3 Rfd8 26.Qg1 Nxd4 27.Nxd4 Rxd4 28.Be3 Bxf6 29.Bxd4 Bxd4
30.Qf1 Bxb2 31.Rxd8+ Qxd8 32.Qxb5 Qd2 33.Qe2 Qc3 34.Bxe6 fxe6 35.Qxe6+ Kh7
36.Qf7+ Qg7 37.Re7 Bd5 38.Qe8 Bxa3  1-0

[Event "Hessenliga9798"]
[Site "Hessen"]
[Date "1998.??.??"]
[Round "?.4"]
[White "Wege, Jochen"]
[Black "Emmerich, Dirk"]
[Result "1-0"]
[WhiteElo "2200"]
[BlackElo "2200"]

1.e4 g6 2.d4 Bg7 3.Nc3 d6 4.f4 Nc6 5.d5 Nb4 6.Be3 Nf6 7.Nf3 c5 8.Be2 O-O
9.O-O e6 10.a3 Na6 11.dxe6 fxe6 12.Bc4 Nc7 13.Ba2 Kh8 14.Ng5 h6 15.e5 hxg5
16.exf6 Bxf6 17.fxg5 Be5 18.Qg4 Kg7 19.Rxf8 Qxf8 20.Rf1 Bxh2+ 21.Kxh2 Qxf1
22.Qh4 Qf8 23.Qg3 Bd7 24.Ne4 Ne8 25.Bf4 Bc6 26.Nxd6 Nxd6 27.Bxd6 Qf5 28.Be5+ Kf7
29.Bf6  1-0

[Event "Hessenliga9798"]
[Site "Hessen"]
[Date "1998.??.??"]
[Round "?.5"]
[White "Schaefer, Michael"]
[Black "Emmerich, Dirk"]
[Result "1/2-1/2"]
[WhiteElo "2220"]
[BlackElo "2200"]

1.d4 g6 2.e4 Bg7 3.Nc3 d6 4.Nf3 Nf6 5.h3 O-O 6.Be3 Nbd7 7.a4 e5 8.dxe5 dxe5
9.Bc4 Qe7 10.O-O c6 11.Qc1 Nc5 12.Nd2 Nh5 13.Nf3 Ne6 14.Rd1 Nef4 15.Rd2 Qf6
16.Qd1 g5 17.Rd6 Qe7 18.Nh2 Nf6 19.a5 Re8 20.Bc5 Qc7 21.Ng4 Nxg4 22.hxg4 Bf8
23.g3 Ne6 24.Ba3 Nd4 25.Rxd4 exd4 26.Qxd4 Bxa3 27.Rxa3 Qe5 28.Qd1 Be6 29.Be2 Rad8
30.Qc1 f6 31.Qe3 Rd4 32.Qf3 Red8 33.Bd3 Rb4 34.Nd1 Rbd4 35.Ne3 Kg7 36.Ra1 Rb4
37.Nd1 Rbd4 38.Ne3 c5 39.Nf5+ Bxf5 40.exf5 c4 41.Bf1 Qe4 42.Qa3 Rd1 43.Rxd1 Rxd1
44.Qb4 Qe2 45.Qxb7+ Kh6 46.Qh1+ Kg7 47.Qb7+ Kh6 48.Qh1+  1/2-1/2

[Event "4 Landerkampf"]
[Site "Hessen"]
[Date "1998.??.??"]
[Round "3"]
[White "Gerstner, Wolfgang"]
[Black "Bode, Wilfried"]
[Result "1/2-1/2"]
[WhiteElo "2360"]
[BlackElo "2400"]

1.d4 d6 2.e4 g6 3.Nc3 Bg7 4.Be3 a6 5.a4 Nf6 6.h3 O-O 7.Nf3 b6 8.Bc4 e6 9.e5 dxe5
10.Nxe5 Bb7 11.O-O Nc6 12.Nxc6 Bxc6 13.Qe2 Qc8 14.Bf4 Nd5  1/2-1/2

[Event "Hlohovec op"]
[Site "Hlohovec"]
[Date "1998.??.??"]
[Round "4"]
[White "Pinter, Erik"]
[Black "Franzen, Jozef"]
[Result "0-1"]
[WhiteElo "2080"]
[BlackElo "2310"]

1.e4 g6 2.d4 Bg7 3.Nc3 d6 4.Be3 c6 5.Qd2 Nd7 6.h4 Ngf6 7.Bh6 Bxh6 8.Qxh6 e5
9.Nge2 Qe7 10.f3 b5 11.O-O-O Nb6 12.dxe5 dxe5 13.Ng3 Be6 14.Kb1 b4 15.Nce2 a5
16.Nc1 a4 17.Qe3 Nfd7 18.h5 Rf8 19.hxg6 hxg6 20.Rh7 Qc5 21.Qxc5 Nxc5 22.Nh1 Ke7
23.Nf2 Ncd7 24.g3 Rh8 25.Rxh8 Rxh8 26.b3 Rh2 27.Nfd3 c5 28.Nb2 a3 29.Nbd3 Nc8
30.Ne2 Na7 31.c4 Nc6 32.g4 Kf6 33.Kc1 Kg5 34.Rd2 Rh1 35.Rd1 Kh4 36.Kd2 Rh2
37.Ke1 f5 38.gxf5 gxf5 39.Nf2 Nd4 40.Nxd4 exd4 41.Rd2 Ne5 42.Be2 Kg3 43.Bd1 Rxf2  0-1

[Event "Hlohovec op"]
[Site "Hlohovec"]
[Date "1998.??.??"]
[Round "8"]
[White "Stets, Dmitry"]
[Black "Franzen, Jozef"]
[Result "1-0"]
[WhiteElo "2420"]
[BlackElo "2310"]

1.e4 g6 2.d4 Bg7 3.Nc3 d6 4.f4 c6 5.Nf3 Bg4 6.Be3 Nd7 7.Qd2 Bxf3 8.gxf3 Ngf6
9.O-O-O Qa5 10.Kb1 b5 11.e5 Ng8 12.d5 b4 13.dxc6 bxc3 14.cxd7+ Kd8 15.Qd5 Qxd5
16.Rxd5 cxb2 17.Bb5 Kc7 18.Rhd1 Nh6 19.R1d3 Rhb8 20.Rc3+ Kd8 21.Bc6 Nf5 22.Bf2 g5
23.Rb3 gxf4 24.Rxb8+ Rxb8 25.Bxa7 Ne3 26.Bxb8 Nxd5 27.Bxd5 Kxd7 28.exd6 exd6
29.a4  1-0

[Event "Hollabrunn opJ"]
[Site "Hollabrunn"]
[Date "1998.??.??"]
[Round "4"]
[White "Starostits, Andris"]
[Black "Groetz, Harald"]
[Result "1-0"]
[WhiteElo "2140"]
[BlackElo "2225"]

1.d4 g6 2.e4 Bg7 3.Nc3 d6 4.Bg5 c5 5.Bb5+ Bd7 6.Bxd7+ Nxd7 7.Nge2 Ngf6 8.O-O O-O
9.Re1 a6 10.dxc5 Nxc5 11.Nd4 Rc8 12.Nd5 e6 13.Nxf6+ Bxf6 14.Bxf6 Qxf6 15.c3 Rfd8
16.Qe2 b5 17.Rad1 Na4 18.Rd3 Nb6 19.Red1 Nc4 20.Nf3 e5 21.h3 Qe6 22.b3 Na5
23.Qe3 Rc6 24.Qh6 Qf6 25.Nh2 Nb7 26.Ng4 Qg7 27.Qg5 Rdc8 28.Rf3 Kf8 29.Qd2 Nc5
30.Qd5 Ke7 31.Nh6 f6 32.Ng4 Nd7 33.Qd2 Qf7 34.Ne3 Qe6 35.Nd5+ Kf7 36.Qh6 Kg8
37.h4 Rf8 38.Nb4 Rb6 39.Nd5 Rc6 40.Rg3 Rf7 41.h5 Nf8 42.Rdd3 Rc5 43.Rdf3 f5
44.exf5 Qxd5 45.fxg6 hxg6 46.hxg6 Rg7 47.Rf7 Rxf7 48.gxf7+ Kxf7 49.Rf3+ Qxf3
50.gxf3 Ne6 51.Qh7+ Ng7 52.Qd3 Ke7 53.a4 d5 54.b4  1-0

[Event "Hollabrunn op"]
[Site "Hollabrunn"]
[Date "1998.??.??"]
[Round "4"]
[White "Weinzettl, Ernst"]
[Black "Moldovan, Daniel"]
[Result "1/2-1/2"]
[WhiteElo "2410"]
[BlackElo "2420"]

1.e4 g6 2.d4 Bg7 3.Nc3 d6 4.Be3 a6 5.Be2 b5 6.f4 b4 7.Na4 Bb7 8.Bf3 Nf6 9.e5 Nd5
10.Bf2 Bc6 11.Ne2 e6 12.c4 bxc3 13.Naxc3 Nxc3 14.Nxc3 O-O 15.O-O Bxf3 16.Qxf3 Nd7
17.Qc6 Nb6 18.Rac1 Qe7 19.b3 Rfd8 20.Rfd1 Rab8 21.g3 Qd7 22.Qxd7 Rxd7 23.Rc2 f5
24.exf6 Bxf6 25.Re1 Kf7 26.Rce2 Re7 27.Rc2 Rd7 28.Kg2 Ra8 29.Kf3 Rg8  1/2-1/2

[Event "HUN-chT29899"]
[Site "HUN"]
[Date "1998.??.??"]
[Round "?"]
[White "Papista, Akos"]
[Black "Fekete, Janos"]
[Result "0-1"]
[WhiteElo "2180"]
[BlackElo "2055"]

1.e4 g6 2.d4 Bg7 3.Nc3 d6 4.Nf3 Nh6 5.Bf4 f6 6.Bc4 Nf7 7.d5 c5 8.Qd2 a6 9.a4 Nd7
10.a5 Rb8 11.O-O O-O 12.Ra2 g5 13.Be3 Nde5 14.Nxe5 Nxe5 15.Be2 g4 16.b4 cxb4
17.Na4 Qe8 18.Qxb4 Qg6 19.Bb6 Bd7 20.Bc7 Rbc8 21.Qxb7 Bxa4 22.Rxa4 Nf3+ 23.Bxf3 gxf3
24.g3 Qg4 25.Kh1 f5 26.Rc4 fxe4 27.Qb4 Qh3 28.Rg1 Rf6 29.g4 Qxh2+  0-1

[Event "HUN-chT29899"]
[Site "HUN"]
[Date "1998.??.??"]
[Round "?"]
[White "Pinter, Gabor"]
[Black "Ianov, Viktor"]
[Result "0-1"]
[WhiteElo "2135"]
[BlackElo "2360"]

1.e4 d6 2.d4 g6 3.Nc3 Bg7 4.Bg5 h6 5.Be3 a6 6.Qd2 Nd7 7.O-O-O b5 8.f4 Ngf6
9.a3 Nb6 10.Nf3 Bb7 11.d5 c5 12.dxc6 Bxc6 13.e5 Nfd5 14.Bxb6 Nxb6 15.exd6 O-O
16.Ne5 Rc8 17.d7 Rc7 18.Bd3 Bxd7 19.Qe3 Qb8 20.Nxd7 Rxd7 21.f5 gxf5 22.Bxf5 Nc4
23.Qe4 Rxd1+ 24.Nxd1 Qd6 25.c3 Rd8 26.Kb1 Nd2+  0-1

[Event "HUN-chT29899"]
[Site "HUN"]
[Date "1998.??.??"]
[Round "?"]
[White "Szabo, Zsolt Jozsef"]
[Black "Parkanyi, Attila"]
[Result "1/2-1/2"]
[WhiteElo "2405"]
[BlackElo "2390"]

1.e4 g6 2.d4 Bg7 3.Nc3 d6 4.Nf3 Nf6 5.Be2 c5 6.dxc5 Qa5 7.cxd6 Nxe4 8.O-O Nxc3
9.bxc3 O-O 10.dxe7 Re8 11.Be3 Nc6 12.Nd4 Nxe7 13.Bd2 Nd5 14.Bc4 Qc5 15.Bb3 b6
16.Qf3 Bb7 17.Rae1 Red8 18.Rd1 Rd7 19.Qh3 Rdd8 20.Rfe1 h5 21.Bg5 Rd6 22.Qf3 Rd7
23.Qh3 Rd6 24.Qf3 Rd7 25.Qh3  1/2-1/2

[Event "HUN-chT29899"]
[Site "HUN"]
[Date "1998.??.??"]
[Round "?"]
[White "Karsai, Istvan"]
[Black "Nagy, Janos"]
[Result "0-1"]
[WhiteElo "2185"]
[BlackElo "2260"]

1.e4 g6 2.d4 Bg7 3.Nc3 d6 4.Bc4 c6 5.Qf3 e6 6.Nge2 b5 7.Bb3 a5 8.a4 b4 9.Nd1 Ba6
10.c4 Nd7 11.Be3 c5 12.Rc1 Rc8 13.Qh3 cxd4 14.Bxd4 Bxd4 15.Nxd4 Nc5 16.O-O Nf6
17.Re1 O-O 18.Bc2 e5 19.Nb5 Bb7 20.f3 b3 21.Bb1 Nxa4 22.Qh6 Nh5 23.Qd2 Rc6
24.Ne3 Nf4 25.g3 Ne6 26.Nd5 Ba6 27.Na7 Rc5 28.Bd3 Nb6 29.Kh1 Bxc4 30.Nxb6 Bxd3
31.Nac8 Ba6 32.Rxc5 dxc5 33.Qxd8 Rxd8 34.Ne7+ Kg7 35.Nbd5 Bb5 36.f4 f6 37.f5 Nd4
38.Nc3 Bd3 39.fxg6 hxg6 40.Ra1 Ra8 41.Ned5 Ne2 42.Kg2 a4 43.Rxa4 Rxa4 44.Nxa4 Bxe4+
45.Kf2 Bxd5 46.Kxe2 c4 47.Nb6 Be6 48.Kd2 Kh6 49.Kc3 Kg5 50.Nxc4 Bxc4 51.Kxc4 Kg4
52.Kxb3 e4 53.Kc2 Kf3 54.Kd1 Kf2  0-1

[Event "HUN-chT29899"]
[Site "HUN"]
[Date "1998.??.??"]
[Round "?"]
[White "Jonas, Zsolt"]
[Black "Varga, Karoly"]
[Result "1/2-1/2"]
[WhiteElo "2140"]
[BlackElo "2195"]

1.e4 g6 2.d4 Bg7 3.Nc3 d6 4.Be3 Nd7 5.Bd3 e5 6.d5 Ne7 7.Qd2 O-O 8.g4 Nc5
9.f3 Nxd3+ 10.Qxd3 f5 11.gxf5 gxf5 12.O-O-O f4 13.Bf2 Bf6 14.Nge2 a6 15.h4 h5
16.Rdg1+ Kh8 17.Qd1 Bd7 18.Qd2 Qe8 19.Kb1 Qf7 20.Nd1 Rg8 21.Qc3 c5 22.Qa5 b5
23.Rxg8+ Kxg8 24.Qe1 b4 25.Ng1 Kh7 26.Ne2 Rg8 27.Nc1 a5 28.Qf1 a4 29.Qa6 Nc8
30.c3 Qe8 31.Qf1 Ne7 32.Qe1 Qb8 33.cxb4 cxb4 34.Nd3 b3 35.a3 Rc8 36.Nc3 Ng6
37.Nb4 Bd8 38.Qg1 Rc4 39.Qg2 Qc8 40.Rg1 Be8 41.Nc6 Bf6 42.Nb5 Qd7 43.Nc3 Qc8
44.Nb5 Qd7 45.Nc3 Qc8  1/2-1/2

[Event "HUN-chT2 9798"]
[Site "HUN"]
[Date "1998.??.??"]
[Round "?"]
[White "Antal, Sebestyen Jr"]
[Black "Varga, Karoly"]
[Result "1/2-1/2"]
[WhiteElo "2320"]
[BlackElo "2270"]

1.e4 g6 2.d4 Bg7 3.Nc3 d6 4.f4 c5 5.dxc5 Qa5 6.cxd6 Bxc3+ 7.bxc3 Qxc3+ 8.Bd2 Qd4
9.Bd3 Bg4 10.Qb1 Nd7 11.h3 Be6 12.dxe7 Nxe7 13.Nf3 Qc5 14.Qb2 O-O-O 15.Rb1 b6
16.Nd4 Nc6 17.Nxc6 Qxc6 18.Qa3 Kb8 19.Be3 f5 20.O-O Bc4 21.e5 Rc8 22.Rfd1 Rc7
23.Rb4 Bxd3 24.cxd3 Rhc8 25.Rc4 Qd5 26.Rd4 Qc5 27.Qxc5 Nxc5 28.Rd6 Na4 29.Rd4 b5
30.Kf2 a5 31.Rd2 Nc3 32.Rd6 Rc6 33.Rd7 R8c7 34.Rxc7 Kxc7 35.Bd4 Nd5 36.g3 b4
37.Ke2 Rc1 38.Rd1 Rc2+ 39.Rd2 Rc1 40.Rd1 Rc2+ 41.Rd2 Rc1  1/2-1/2

[Event "HUN-chT2 9798"]
[Site "HUN"]
[Date "1998.??.??"]
[Round "?"]
[White "Gyarmati, Peter"]
[Black "Varga, Karoly"]
[Result "1-0"]
[WhiteElo "2135"]
[BlackElo "2270"]

1.e4 g6 2.d4 Bg7 3.Nc3 d6 4.Be3 Nd7 5.Qd2 e5 6.O-O-O Ne7 7.h4 exd4 8.Bxd4 Bxd4
9.Qxd4 Ne5 10.f4 N7c6 11.Bb5 O-O 12.Bxc6 Nxc6 13.Qd2 Bg4 14.Nf3 f5 15.Rde1 Bxf3
16.gxf3 Qf6 17.Nd5 Qd4 18.Qh2 fxe4 19.fxe4 Rae8 20.h5 Rxe4 21.Rxe4 Qxe4 22.hxg6  1-0

[Event "HUN-chT2 9798"]
[Site "HUN"]
[Date "1998.??.??"]
[Round "?"]
[White "Szekeres, Sandor"]
[Black "Felkai, Agnes"]
[Result "1/2-1/2"]
[WhiteElo "2225"]
[BlackElo "2295"]

1.e4 d6 2.d4 g6 3.Nc3 Bg7 4.f4 Nc6 5.Be3 e5 6.fxe5 dxe5 7.d5 Nd4 8.Nf3 Nxf3+
9.Qxf3 a6 10.Bc4 Nf6 11.Bg5 b5 12.Bb3 h6 13.Bxf6 Qxf6 14.Qxf6 Bxf6 15.O-O Bd8
16.d6 O-O 17.Rad1 c6 18.d7 Bb7 19.Ne2 Bb6+ 20.Kh1 Rad8 21.h4 Kg7 22.a4 c5
23.Ng3 c4 24.Ba2 Bc5 25.b4 Be7 26.axb5 axb5 27.h5 Bh4 28.Kh2 Bxg3+ 29.Kxg3 Bxe4
30.hxg6 f5 31.Rd6 f4+ 32.Kf2 Bxg6 33.Rd5 Bxc2 34.Rxe5 Rxd7 35.Rxb5 Ba4 36.Re5 Rd2+
37.Re2 c3 38.Rc1 Bb5 39.Rxd2 cxd2 40.Rc7+ Kf6 41.Bb3 Rd8 42.Bd1 Rd4 43.Rc8 Re4
44.Rc5 Re5 45.Rxe5 Kxe5 46.g3 fxg3+ 47.Kxg3 Kd4 48.Kf4 Be8 49.Kf5 Kc4 50.Ke4 Bg6+
51.Ke3 Kc3 52.b5 Be8 53.b6 Bc6 54.Kf4 Kd4 55.Bh5 Kd3 56.Bd1 Bb7  1/2-1/2

[Event "HUN-chT29899"]
[Site "HUN"]
[Date "1998.??.??"]
[Round "?"]
[White "Eberth, Zoltan"]
[Black "Kadas, Gabor"]
[Result "0-1"]
[WhiteElo "2230"]
[BlackElo "2215"]

1.e4 g6 2.d4 Bg7 3.Nc3 d6 4.f4 c6 5.Nf3 Qc7 6.Be3 b5 7.a3 a6 8.Bd3 Bb7 9.e5 Nd7
10.Qe2 e6 11.Ne4 Bf8 12.exd6 Bxd6 13.Ne5 Be7 14.O-O c5 15.c3 c4 16.Bc2 Nh6
17.f5 Nxf5 18.Nxf7 Kxf7 19.g4 Rag8 20.Rae1 Qc6 21.Ng3 Ke8 22.gxf5 gxf5 23.Qh5+ Kd8
24.Re2 Nf6 25.Qh3 h5 26.d5 Nxd5 27.Bd4 h4 28.Bxh8 Rxh8 29.Ne4 Nf6 30.Rd1+ Kc8
31.Nxf6 Bxf6 32.Rxe6 Rg8+ 33.Kf2 Qc5+ 34.Re3 Rg2+ 35.Kf1 Rxc2 36.Re8+ Kc7
37.Qe3 Qxe3 38.Rxe3 Rxb2 39.h3 Be4  0-1

[Event "HUN-chT29899"]
[Site "HUN"]
[Date "1998.??.??"]
[Round "?"]
[White "Csoke, Krisztian"]
[Black "Rat, Dan"]
[Result "0-1"]
[WhiteElo "2200"]
[BlackElo "2245"]

1.e4 g6 2.d4 Bg7 3.Nc3 d6 4.f4 Nf6 5.Nf3 c5 6.d5 O-O 7.Bc4 b5 8.Bxb5 Nxe4
9.Nxe4 Qa5+ 10.Nfd2 Qxb5 11.c4 Qb7 12.Rb1 Nd7 13.O-O Nf6 14.Qe2 Bf5 15.Nxf6+ Bxf6
16.Ne4 Rfe8 17.Re1 Qd7 18.Ra1 Bd4+ 19.Be3 Bg7 20.Ng3 Rab8 21.Nxf5 Qxf5 22.Rab1 e6
23.Bf2 Rb7 24.Qd2 Rbe7 25.Bh4 Bd4+ 26.Kh1 f6 27.dxe6 Rxe6 28.b3 Kf7 29.h3 Be3
30.Qd5 Qxd5 31.cxd5 Re4 32.Rf1 Bxf4 33.Rbd1 g5 34.Bf2 Re2 35.a3 Rb2 36.g3 Be3
37.Bxe3 Rxe3 38.Rb1 Rexb3 39.Rxb2 Rxb2 40.Rd1 a5 41.a4 Rb4 42.Ra1 Rd4 43.Rb1 Rxd5
44.Rb5 Ke6 45.Rxa5 Rd2 46.Ra8 Ra2 47.a5 c4 48.a6 Kd5 49.a7 Kd4 50.Rd8 Rxa7
51.Rxd6+ Ke3 52.Rxf6 c3  0-1

[Event "HUN-chT9899"]
[Site "HUN"]
[Date "1998.??.??"]
[Round "?"]
[White "Molnar, Bela"]
[Black "Mester, Gyula"]
[Result "1/2-1/2"]
[WhiteElo "2340"]
[BlackElo "2400"]

1.e4 g6 2.d4 Bg7 3.Nc3 d6 4.Bg5 Nc6 5.Nge2 h6 6.Be3 e5 7.Qd2 Nge7 8.O-O-O exd4
9.Nxd4 Nxd4 10.Bxd4 Bxd4 11.Qxd4 O-O 12.Qd2 Kh7 13.e5 Nf5 14.exd6 Nxd6 15.Nd5 Be6
16.Qf4 Bxd5 17.Rxd5 Kg7 18.Bd3 Qf6 19.Qg3 Qe6 20.Qe5+ Qxe5 21.Rxe5 Rfe8 22.Rhe1 Rxe5
23.Rxe5 Re8 24.Rxe8 Nxe8 25.Kd2 Kf6 26.Ke3 Nd6 27.Kd4 Ke6 28.c4 c6 29.b4 Ne8
30.c5 Nc7 31.f4 Kf6 32.Bc4 h5 33.Ke4 Ne6 34.g3 Nf8 35.Bf1 Ke6 36.Bd3 Kf6
37.Bf1 Ke6 38.Bd3 Kf6 39.Be2 Ne6 40.Bc4 Nf8  1/2-1/2

[Event "HUN-chT 9798"]
[Site "Hungary"]
[Date "1998.??.??"]
[Round "?"]
[White "Karolyi, Tibor Jr"]
[Black "Mester, Gyula"]
[Result "1-0"]
[WhiteElo "2390"]
[BlackElo "2390"]

1.e4 g6 2.d4 Bg7 3.Nc3 d6 4.Be3 Nc6 5.Qd2 e5 6.Nge2 Nge7 7.O-O-O a6 8.Bh6 Bf6
9.dxe5 Nxe5 10.Ng3 Ng4 11.Bf4 Be6 12.h3 Ne5 13.Bh6 Qd7 14.f4 Nc4 15.Bxc4 Bxc4
16.e5 Bh4 17.Nge4 Nf5 18.Bg5 Bxg5 19.fxg5 O-O-O 20.g4 Ng7 21.Qd4 Qc6 22.exd6 Ne6
23.Qe5 b5 24.a3 a5 25.dxc7 Nxc7 26.Nd6+ Kb8 27.Rhe1 h6 28.Nxc4 Qxc4 29.Rxd8+ Rxd8
30.gxh6 b4 31.h7  1-0

[Event "HUN-chT 9798"]
[Site "Hungary"]
[Date "1998.??.??"]
[Round "?"]
[White "Rabovszky, Gyorgy"]
[Black "Toth, Gabor"]
[Result "1-0"]
[WhiteElo "2155"]
[BlackElo "2175"]

1.e4 d6 2.d4 g6 3.Nc3 Bg7 4.Be2 Nd7 5.Be3 e5 6.Nf3 Ngf6 7.dxe5 dxe5 8.Qd2 Ng4
9.Bg5 f6 10.h3 fxg5 11.hxg4 h6 12.O-O-O c6 13.Rh3 Qf6 14.Kb1 Nb6 15.Ne1 Be6
16.Rf3 Qe7 17.Rd3 O-O 18.f3 Nc4 19.Qc1 b5 20.b3 Nb6 21.Rd6 Rfc8 22.Kb2 Bf8
23.Qe3 Qe8 24.R6d2 a5 25.Qxb6 a4 26.Rd6 Bxd6 27.Rxd6 axb3 28.cxb3 Qe7 29.Qc5 Rd8
30.Rxd8+ Qxd8 31.Qxe5 Bf7 32.Nc2 Qd2 33.Qd4 Qf4 34.Qc5 Qd2 35.Qxc6 Rd8 36.Qxb5 Rc8
37.Bc4 Bxc4  1-0

[Event "Heart of Finland op"]
[Site "Jyvaskyla"]
[Date "1998.??.??"]
[Round "?"]
[White "Keskisarja, Teemu"]
[Black "Ruotanen, Helge"]
[Result "1-0"]
[WhiteElo "2290"]
[BlackElo "2020"]

1.e4 g6 2.d4 Bg7 3.Nc3 d6 4.Nf3 Nc6 5.d5 Ne5 6.Nxe5 dxe5 7.Be3 f5 8.exf5 Bxf5
9.Bb5+ Bd7 10.Bxd7+ Qxd7 11.Ne4 b6 12.Ng5 Nf6 13.Ne6 Kf7 14.c4 c6 15.Ng5+ Kg8
16.dxc6 Qxc6 17.O-O h6 18.Nf3 e4 19.Nd2 Kh7 20.Qc2 Rhd8 21.Rae1 e5 22.b3 Rd7
23.f3 exf3 24.Nxf3 Re8 25.Re2 Ng4 26.Kh1 e4 27.Nd2 Rd3 28.Bg1 Rc3 29.Qb1 e3
30.Nf3 Qc5 31.Qe1 Qh5 32.Qg3 Nf6 33.Qh4 Qf5 34.Qe1 Qd3 35.Qd1 h5 36.Ng5+ Kg8
37.Qxd3 Rxd3 38.Nh3 Rd2 39.Rxe3 Rxe3 40.Bxe3 Rxa2 41.Nf4 Ng4 42.Bg1 Kh7 43.Ne6 Ra3
44.Rf7  1-0

[Event "Heart of Finland op"]
[Site "Jyvaskyla"]
[Date "1998.??.??"]
[Round "?"]
[White "Salmensuu, Olli"]
[Black "Nouro, Mikael"]
[Result "1/2-1/2"]
[WhiteElo "2375"]
[BlackElo "2320"]

1.e4 g6 2.Nc3 Bg7 3.d4 d6 4.Be3 a6 5.Bd3 b5 6.Nf3 Bb7 7.Qd2 Nd7 8.a4 b4 9.Ne2 a5
10.c3 bxc3 11.bxc3 Ngf6 12.Ng3 Ng4 13.Bf4 e5 14.Bg5 f6 15.Bh4 O-O 16.h3 Nh6
17.O-O Ba6 18.Ne2 Qc8 19.Rfd1 Rb8 20.Rab1 Rxb1 21.Rxb1 Qa8 22.Ne1 Nf7 23.Bxa6 Qxa6
24.Qd3 Qxd3 25.Nxd3 exd4 26.Rb7 Nfe5 27.Rxc7 Nb6 28.Nec1 dxc3 29.Nxe5 dxe5
30.Rxc3 Nxa4 31.Ra3 Nc5 32.Rxa5 Nxe4 33.f3 Nd6 34.Nd3 Nf5 35.Bf2 Rd8 36.Nc5 Re8
37.Ne4 Nd4 38.Ra6 Ne6 39.Ra7 f5 40.Nc5 Nxc5 41.Bxc5 Rc8 42.Be3 Bf6 43.Ra2 Rc7
44.Kf1 Kf7 45.Ke2 h5 46.g3 Rc6 47.Rb2 Ke6 48.Rb6 Rxb6 49.Bxb6 Kd5 50.Be3 Be7
51.Bd2 Bd6 52.Bg5 e4 53.g4 hxg4 54.hxg4 fxg4 55.fxe4+ Kxe4 56.Kf2 Bc5+ 57.Kg2 Be3
58.Bxe3 Kxe3 59.Kg3  1/2-1/2

[Event "Jyvaskyla We JyS"]
[Site "Jyvaskyla"]
[Date "1998.??.??"]
[Round "1"]
[White "Vetemaa, Juri"]
[Black "Heinimaki, Leo"]
[Result "1-0"]
[WhiteElo "2325"]
[BlackElo "2080"]

1.e4 g6 2.d4 Bg7 3.Nc3 d6 4.Be3 a6 5.a4 b6 6.Be2 Bb7 7.Bf3 Nd7 8.Nge2 e5
9.d5 Ngf6 10.g4 h5 11.g5 Nh7 12.h4 f6 13.Qd2 fxg5 14.hxg5 O-O 15.Bg2 Re8
16.Bh3 Nhf8 17.O-O-O Nc5 18.b4 Ncd7 19.Ng3 a5 20.b5 Nc5 21.Qe2 Qe7 22.Rdg1 Bc8
23.Bxc8 Raxc8 24.Rh4 Ncd7 25.Rgh1 Qf7 26.Qf1 Re7 27.Qh3 Qf3 28.Nf5 Qxh3 29.Nxe7+ Kf7
30.R4xh3 Kxe7 31.Kd2 Nh7 32.Ke2 Rf8 33.Rf3 Rxf3 34.Kxf3 Kf7 35.Nd1 Bf8 36.Nb2 Be7
37.Rg1 Nc5 38.Bxc5 dxc5 39.Nc4 Nxg5+ 40.Ke3 Kf6 41.Nxe5 Kxe5 42.f4+ Kd6 43.c4 Nf7
44.Rxg6+ Kd7 45.e5 Ke8 46.Ke4 h4 47.Kf3 Kf8 48.Kg4 Nh8 49.Re6 Nf7 50.Kh3 Nd8
51.Rg6 Nf7 52.Rg2 Bd8 53.Re2 Be7 54.f5 Bg5 55.Kg4 Bd8 56.f6 Kg8  1-0

[Event "Jyvaskyla We JyS"]
[Site "Jyvaskyla"]
[Date "1998.??.??"]
[Round "3"]
[White "Nokso Koivisto, Antti"]
[Black "Heinimaki, Leo"]
[Result "1/2-1/2"]
[WhiteElo "2215"]
[BlackElo "2080"]

1.e4 g6 2.d4 Bg7 3.Nc3 d6 4.f4 a6 5.Nf3 b5 6.Bd3 Nd7 7.a4 b4 8.Ne2 Bb7 9.O-O e6
10.f5 gxf5 11.exf5 e5 12.Ng3 exd4 13.Bg5 Bf6 14.Bxf6 Ngxf6 15.Nxd4 O-O 16.Nf3 Kh8
17.Qd2 Bxf3 18.Rxf3 Ne5 19.Rff1 a5 20.Rad1 Rg8 21.Ne4 Rb8 22.Kh1 Nxe4 23.Bxe4 Qg5
24.Qxg5  1/2-1/2

[Event "Kassel op"]
[Site "Kassel"]
[Date "1998.??.??"]
[Round "7"]
[White "Neumann, M."]
[Black "Heck, Norbert"]
[Result "1/2-1/2"]
[WhiteElo "2195"]
[BlackElo "2350"]

1.e4 g6 2.d4 Bg7 3.Nc3 d6 4.Bg5 c6 5.Qd2 b5 6.f4 Nf6 7.Bd3 a6 8.Nf3 O-O 9.e5 Nd5
10.Nxd5 cxd5 11.O-O Nc6 12.c3 Qc7 13.Rae1 Bb7 14.exd6 Qxd6 15.f5 Rae8 16.Bf4 Qd8
17.Bh6 e6 18.Bxg7 Kxg7 19.fxe6 Rxe6 20.Rxe6 fxe6 21.Qe3 Bc8 22.h4 Qd6 23.Qg5 Qf4
24.Re1 Qxg5 25.Nxg5 Rf6 26.a3 h6 27.Nf3 Na5 28.Ne5 Nc4 29.Bxc4 dxc4 30.Rf1 h5
31.g3 Rxf1+ 32.Kxf1 Kf6 33.Kf2 g5 34.hxg5+ Kxg5 35.Nf7+ Kg4 36.Ne5+ Kf5 37.Ke3 Bb7
38.Nd7 Bc6 39.Ne5 Bd5 40.Nd7  1/2-1/2

[Event "Independence Cup op"]
[Site "Kiev"]
[Date "1998.??.??"]
[Round "6"]
[White "Lysak, Igor"]
[Black "Berezin, Victor"]
[Result "1/2-1/2"]
[WhiteElo "2155"]
[BlackElo "2330"]

1.e4 g6 2.d4 Bg7 3.Nc3 d6 4.Be3 c6 5.f3 b5 6.Qd2 Nd7 7.g4 Nb6 8.Bd3 h5 9.g5 e6
10.h4 Ne7 11.a4 Nc4 12.Bxc4 bxc4 13.Nge2 Rb8 14.Nd1 O-O 15.Ng3 Qc7 16.f4 c5
17.dxc5 dxc5 18.c3 Rd8 19.Qf2 Rd3 20.Rg1 Bb7 21.Bxc5 Rbd8 22.Be3 Nc6 23.Qe2 Na5
24.Rb1 Qc6 25.Nf2 Qxa4 26.Nxd3 cxd3 27.Qd1 Nb3 28.Kf2 Qc4 29.Re1 e5 30.Kg1 d2
31.Re2 Bxe4 32.Nxe4 Qxe4 33.Bxd2 Qd3 34.Re3 Qxd2 35.Qxd2 Nxd2 36.Rbe1 Bf8
37.Kg2 exf4 38.Re8 Rd3 39.Rc8 Rg3+ 40.Kf2 Re3 41.Rxe3 fxe3+ 42.Kxe3 Nb3 43.Rb8 Na5
44.b4 Nc6 45.Ra8 Kg7 46.Ke4 Nxb4 47.cxb4 Bxb4 48.Rxa7 Be1 49.Kf4 Bxh4 50.Rb7 Be1
51.Rd7 Bc3 52.Kf3 Kf8 53.Rd3 Bb4 54.Re3 Bd6 55.Re2 Kg8 56.Re4 Ba3 57.Re1 Bb4
58.Re2 f6 59.gxf6 Kf7 60.Rg2  1/2-1/2

[Event "Kiev-ch"]
[Site "Kiev"]
[Date "1998.??.??"]
[Round "7"]
[White "Struk, Pavel"]
[Black "Berezin, Victor"]
[Result "1-0"]
[WhiteElo "2215"]
[BlackElo "2330"]

1.e4 g6 2.d4 Bg7 3.Nc3 d6 4.Be3 c6 5.Qd2 Nd7 6.f3 e5 7.dxe5 dxe5 8.O-O-O Qe7
9.h4 h5 10.Nh3 Ngf6 11.Nf2 O-O 12.g4 Nb6 13.Bg5 Qe6 14.Bh3 hxg4 15.Bxg4 Nxg4
16.Nxg4 f6 17.Bh6 Nc4 18.Qg2 Qe7 19.Bxg7 Qb4 20.Na4 Kxg7 21.Rhg1 Qxa4 22.Ne3 g5
23.hxg5 f5 24.Nxc4 Qxc4 25.Qh2 Qe6 26.Rh1 Kf7 27.Qd2 Qxa2 28.g6+ Kf6 29.Qh6 Rg8
30.g7+ Kf7 31.Rd6 Be6 32.exf5  1-0